000 00725cab a2200241 4500
001 WB3509-11
008 090401t1999 xxu||||| |||| 00| 0 eng d
035 _a(Sirsi) u91773
041 _aeng
245 _aCanary Wharf £2.6bn flotation
260 _c1999
350 _a0
490 _aFinancial Times
_v2 March 1999, 1(3)
520 _aThe flotation of Canary Wharf is expected to have a market capitalisation of up to £2.6bn. A brief history outlining the development of Canary Wharf.
650 _aCANARY WHARF
650 _aFLOTATIONS
650 _aLONDON DOCKLANDS
650 _aPAUL REICHMANN
650 _aSTOCK MARKET
690 _aPROPERTY-COMMERCIAL PROPERTY
942 _n0
948 _c04/03/1999
999 _c58242
_d58242